THOMAS BARRAN, Russia reads Rousseau, 1762-1825. Evanston (Illinois), Northwestern University Press, 2002. Un vol. 16 × 24 cm. de XXVI + 404 p. (Col. « Studies in Russian Literature and Theory »). (notice n° 1653747)

détails MARC
000 -LEADER
fixed length control field 01672cam a2200157 4500500
005 - DATE AND TIME OF LATEST TRANSACTION
control field 20260208005759.0
041 ## - LANGUAGE CODE
Language code of text/sound track or separate title fre
042 ## - AUTHENTICATION CODE
Authentication code dc
100 10 - MAIN ENTRY--PERSONAL NAME
Personal name L’Aminot, Tanguy
Relator term author
245 00 - TITLE STATEMENT
Title THOMAS BARRAN, Russia reads Rousseau, 1762-1825. Evanston (Illinois), Northwestern University Press, 2002. Un vol. 16 × 24 cm. de XXVI + 404 p. (Col. « Studies in Russian Literature and Theory »).
260 ## - PUBLICATION, DISTRIBUTION, ETC.
Date of publication, distribution, etc. 2004.<br/>
500 ## - GENERAL NOTE
General note 90
520 ## - SUMMARY, ETC.
Summary, etc. Découvert dans les minutes d’un notaire parisien, le testament de Louis Weil est d’un grand intérêt.Il permet de découvrir parmi ses légataires plusieurs membres de la famille Weil dont on ignorait jusque-là l’existence. Il permet de mesurer le degré d’intimité qu’il avait avec eux et d’affection qu’il leur portait à l’aune des legs qu’il leur fait. Il permet aussi de voir à quel point Moïse Baruch Weil, qui se faisait appeler Louis, restait cependant attaché à la communauté juive, dont les « pauvres » sont cités en premier lieu parmi les légataires qu’il désigne. Complété par plusieurs autres documents notariés, le testament permet enfin d’évoquer concrètement la maison d’Auteuil et surtout la maison du boulevard Haussmann dans laquelle Marcel Proust s’est établi après la mort de sa mère. On sait combien ces lieux ont eu d’importance dans l’imaginaire proustien. Comme l’oncle Louis devenu l’oncle Adolphe.
786 0# - DATA SOURCE ENTRY
Note Revue d'histoire littéraire de la France | 104 | 3 | 2004-06-01 | p. 687i-738i | 0035-2411
856 41 - ELECTRONIC LOCATION AND ACCESS
Uniform Resource Identifier <a href="https://shs.cairn.info/revue-d-histoire-litteraire-de-la-france-2004-3-page-687i?lang=fr&redirect-ssocas=7080">https://shs.cairn.info/revue-d-histoire-litteraire-de-la-france-2004-3-page-687i?lang=fr&redirect-ssocas=7080</a>

Pas d'exemplaire disponible.

PLUDOC

PLUDOC est la plateforme unique et centralisée de gestion des bibliothèques physiques et numériques de Guinée administré par le CEDUST. Elle est la plus grande base de données de ressources documentaires pour les Étudiants, Enseignants chercheurs et Chercheurs de Guinée.

Adresse

627 919 101/664 919 101

25 boulevard du commerce
Kaloum, Conakry, Guinée

Réseaux sociaux

Powered by Netsen Group @ 2025